000 00648nam a22001937a 4500
003 OSt
005 20241128175029.0
008 241128b |||||||| |||| 00| 0 eng d
020 _a0226895025
040 _bENGLISH
_cCENTRAL UNIVERSITY
050 _aP106 WHI
100 _aWHITE, JAMES BOYD
245 _aWHEN WORDS LOSE THEIR MEANING
_bCONSTITUTIONS AND RECONSTITUTIONS OF LANGUAGE, CHARACTER, AND COMMUNITY
260 _aCHICAGO
_bUNIVERSITY OF CHICAGO PRESS
_c1984
500 _axvi, 377pages, bibliography and index
600 _2language and languages, criticism
700 _aWHITE, JAMES BOYD
942 _2lcc
_cBK
_hP 106 WHI
_n0
999 _c1719
_d1719